| 000 | 00471nam a2200145Ia 4500 | ||
|---|---|---|---|
| 008 | 220216s9999 xx 000 0 und d | ||
| 100 | _aAlex R | ||
| 245 | 0 | _aEfficient chemical treatment on quality of natural rubber | |
| 260 |
_bPlacrosym XII, 1996, Kottayam, India. Developments in Plantation Crops Research, pp. 310-316. _c1998 |
||
| 650 | _aChemical treatment | ||
| 650 | _aNatural rubber | ||
| 700 | _aGeethakumariamma M L | ||
| 700 | _aKuriakose B | ||
| 942 | _cJS | ||
| 999 |
_c58426 _d58426 |
||